<?xml version="1.0" encoding="UTF-8"?>
<record
    xmlns:xsi="http://www.w3.org/2001/XMLSchema-instance"
    xsi:schemaLocation="http://www.loc.gov/MARC21/slim http://www.loc.gov/standards/marcxml/schema/MARC21slim.xsd"
    xmlns="http://www.loc.gov/MARC21/slim">

  <leader>03730njm a2200517Ia 4500</leader>
  <controlfield tag="001">F2562</controlfield>
  <controlfield tag="003">IT-RoPAU</controlfield>
  <controlfield tag="005">20220918181113.0</controlfield>
  <controlfield tag="008">131025s9999    xx            000 0 und d</controlfield>
  <datafield tag="040" ind1=" " ind2=" ">
    <subfield code="a">IT-RoPAU</subfield>
  </datafield>
  <datafield tag="040" ind1=" " ind2=" ">
    <subfield code="c">IT-RoPAU</subfield>
  </datafield>
  <datafield tag="041" ind1=" " ind2=" ">
    <subfield code="a">INGLESE</subfield>
  </datafield>
  <datafield tag="999" ind1=" " ind2=" ">
    <subfield code="c">99187</subfield>
    <subfield code="d">99187</subfield>
  </datafield>
  <datafield tag="999" ind1=" " ind2=" ">
    <subfield code="b">n.d.</subfield>
  </datafield>
  <datafield tag="100" ind1=" " ind2=" ">
    <subfield code="a">AA.VV.</subfield>
    <subfield code="9">794</subfield>
  </datafield>
  <datafield tag="100" ind1=" " ind2=" ">
    <subfield code="e">Autore musica</subfield>
    <subfield code="9">32606</subfield>
  </datafield>
  <datafield tag="100" ind1=" " ind2=" ">
    <subfield code="g">Codice autore musica SPICS: 12000</subfield>
    <subfield code="9">796</subfield>
  </datafield>
  <datafield tag="245" ind1=" " ind2=" ">
    <subfield code="a">Millennium Out of the Ruins</subfield>
  </datafield>
  <datafield tag="250" ind1=" " ind2=" ">
    <subfield code="a">1a ed.</subfield>
  </datafield>
  <datafield tag="260" ind1=" " ind2=" ">
    <subfield code="a">BOSTON</subfield>
  </datafield>
  <datafield tag="260" ind1=" " ind2=" ">
    <subfield code="b">PAULINE RECORDS</subfield>
    <subfield code="c">1996 [1a Ed.:1996 - Ed. Lingua Orig.: 1996]</subfield>
  </datafield>
  <datafield tag="300" ind1=" " ind2=" ">
    <subfield code="a">COMPACT DISC</subfield>
  </datafield>
  <datafield tag="300" ind1=" " ind2=" ">
    <subfield code="c">68 minuti (Testo: 0 pag.)</subfield>
  </datafield>
  <datafield tag="500" ind1=" " ind2=" ">
    <subfield code="a">Musica religiosa. Testi delle canzoni. Show Me The Path di G. Gee. Bind Us Together di B. Gillman. You Are My Goddi G. Gee.</subfield>
  </datafield>
  <datafield tag="505" ind1=" " ind2=" ">
    <subfield code="a">Abundant Life (5:00) - You Are Mine (4:00) - He Shall Be Born (4:00) - Medley: Show Me the Path, Bind Us Together ,You Are My God (9:00) - Ave Maria (5:00) - Be Not Afraid (5:00) - Trust His Heart (5:00) - My Life Is In Your Hands (5:00) - Digo "Si", Senor (5:00) - Jesus My Lord My God My All (6:00) - Spirit Seeking Light and Beauty (6:00) - Distressing Disguise (5:00) - My Lord Will Come Again (5:00) - Try A Little Kindness (3:00)</subfield>
  </datafield>
  <datafield tag="511" ind1=" " ind2=" ">
    <subfield code="a">Coro delle Figlie di S. Paolo: Michelle Black, Helena Burns, Julia Darrenkamp, Tracey Dugas, Anne Flanagan, Donna Giaimo, Mary Lea Hill, Rebecca Hoffart, Lusia Ielonimo, Maria Lynch, Patricia Maresca, Sean Mayer, Marie Roos,Margaret Sato, Bridget Ellis (direttrice)</subfield>
  </datafield>
  <datafield tag="650" ind1=" " ind2=" ">
    <subfield code="a">RELIGIOSO [COMPACT DISC]</subfield>
    <subfield code="e">Codice MATERIA SPICS: 9949</subfield>
    <subfield code="9">14031</subfield>
  </datafield>
  <datafield tag="700" ind1=" " ind2=" ">
    <subfield code="a">Daughters of St.Paul</subfield>
    <subfield code="g">Codice interprete SPICS: 7531</subfield>
    <subfield code="e">Interprete</subfield>
    <subfield code="9">32607</subfield>
  </datafield>
  <datafield tag="700" ind1=" " ind2=" ">
    <subfield code="a">Glover R.</subfield>
    <subfield code="g">Codice autore musica SPICS: 26956</subfield>
    <subfield code="e">Autore musica</subfield>
    <subfield code="p">Abundant Life</subfield>
    <subfield code="9">32608</subfield>
  </datafield>
  <datafield tag="700" ind1=" " ind2=" ">
    <subfield code="a">Duck Ruth</subfield>
    <subfield code="g">Codice autore testo/musica SPICS: 51066</subfield>
    <subfield code="e">Autore testo/musica</subfield>
    <subfield code="p">Abundant Life</subfield>
    <subfield code="9">32609</subfield>
  </datafield>
  <datafield tag="700" ind1=" " ind2=" ">
    <subfield code="a">Haas David</subfield>
    <subfield code="g">Codice autore testo/musica SPICS: 51067</subfield>
    <subfield code="e">Autore testo/musica</subfield>
    <subfield code="p">You Are Mine</subfield>
    <subfield code="9">32610</subfield>
  </datafield>
  <datafield tag="700" ind1=" " ind2=" ">
    <subfield code="a">AA.VV.</subfield>
    <subfield code="g">Codice autore musica SPICS: 12000</subfield>
    <subfield code="e">Autore musica</subfield>
    <subfield code="p">He Shall Be Born - Medley: Show Me the Path, Bind Us Together, You Are My God - Ave Maria</subfield>
    <subfield code="9">32611</subfield>
  </datafield>
  <datafield tag="700" ind1=" " ind2=" ">
    <subfield code="a">Dufford Bob S.J.</subfield>
    <subfield code="g">Codice autore testo/musica SPICS: 51068</subfield>
    <subfield code="e">Autore testo/musica</subfield>
    <subfield code="p">Be Not Afraid</subfield>
    <subfield code="9">32612</subfield>
  </datafield>
  <datafield tag="700" ind1=" " ind2=" ">
    <subfield code="a">Carswell Eddie</subfield>
    <subfield code="g">Codice autore musica SPICS: 51069</subfield>
    <subfield code="e">Autore musica</subfield>
    <subfield code="p">Trust His Heart</subfield>
    <subfield code="9">32613</subfield>
  </datafield>
  <datafield tag="700" ind1=" " ind2=" ">
    <subfield code="a">Mason Babbie</subfield>
    <subfield code="g">Codice autore testo/musica SPICS: 51070</subfield>
    <subfield code="e">Autore testo/musica</subfield>
    <subfield code="p">Trust His Heart</subfield>
    <subfield code="9">32614</subfield>
  </datafield>
  <datafield tag="700" ind1=" " ind2=" ">
    <subfield code="a">Montvilo Bill</subfield>
    <subfield code="g">Codice autore SPICS: 51072</subfield>
    <subfield code="e">Autore musica</subfield>
    <subfield code="p">My Life Is In Your Hands</subfield>
    <subfield code="9">32615</subfield>
  </datafield>
  <datafield tag="700" ind1=" " ind2=" ">
    <subfield code="a">Troccoli Kathy</subfield>
    <subfield code="g">Codice autore testo/musica SPICS: 51071</subfield>
    <subfield code="e">Autore testo/musica</subfield>
    <subfield code="p">My Life Is In Your Hands</subfield>
    <subfield code="9">32616</subfield>
  </datafield>
  <datafield tag="700" ind1=" " ind2=" ">
    <subfield code="a">Pena Donna</subfield>
    <subfield code="g">Codice autore testo/musica SPICS: 51073</subfield>
    <subfield code="e">Autore testo/musica</subfield>
    <subfield code="p">Digo "Si", Senor</subfield>
    <subfield code="9">32617</subfield>
  </datafield>
  <datafield tag="700" ind1=" " ind2=" ">
    <subfield code="a">Anonimo</subfield>
    <subfield code="g">Codice autore musica SPICS: 2620</subfield>
    <subfield code="e">Autore musica</subfield>
    <subfield code="p">Jesus My Lord My God My All - Spirit Seeking Light and Beauty</subfield>
    <subfield code="9">32618</subfield>
  </datafield>
  <datafield tag="700" ind1=" " ind2=" ">
    <subfield code="a">Faber F.</subfield>
    <subfield code="g">Codice autore testo/musica SPICS: 51074</subfield>
    <subfield code="e">Autore testo/musica</subfield>
    <subfield code="p">Jesus My Lord My God My All</subfield>
    <subfield code="9">32619</subfield>
  </datafield>
  <datafield tag="700" ind1=" " ind2=" ">
    <subfield code="a">Stuart Janet</subfield>
    <subfield code="g">Codice autore testo/musica SPICS: 51043</subfield>
    <subfield code="e">Autore testo/musica</subfield>
    <subfield code="p">Spirit Seeking Light and Beauty</subfield>
    <subfield code="9">32620</subfield>
  </datafield>
  <datafield tag="700" ind1=" " ind2=" ">
    <subfield code="a">Card Michael</subfield>
    <subfield code="g">Codice autore testo/musica SPICS: 51079</subfield>
    <subfield code="e">Autore testo/musica</subfield>
    <subfield code="p">Distressing Disguise</subfield>
    <subfield code="9">32621</subfield>
  </datafield>
  <datafield tag="700" ind1=" " ind2=" ">
    <subfield code="a">Haas David</subfield>
    <subfield code="g">Codice autore testo/musica SPICS: 51067</subfield>
    <subfield code="e">Autore testo/musica</subfield>
    <subfield code="p">My Lord Will Come Again</subfield>
    <subfield code="9">32622</subfield>
  </datafield>
  <datafield tag="700" ind1=" " ind2=" ">
    <subfield code="a">Austin Bobby</subfield>
    <subfield code="g">Codice autore musica SPICS: 51080</subfield>
    <subfield code="e">Autore musica</subfield>
    <subfield code="p">Try A Little Kindness</subfield>
    <subfield code="9">32623</subfield>
  </datafield>
  <datafield tag="700" ind1=" " ind2=" ">
    <subfield code="a">Sapaugh Curt</subfield>
    <subfield code="g">Codice autore testo/musica SPICS: 51081</subfield>
    <subfield code="e">Autore testo/musica</subfield>
    <subfield code="p">Try A Little Kindness</subfield>
    <subfield code="9">32624</subfield>
  </datafield>
  <datafield tag="942" ind1=" " ind2=" ">
    <subfield code="c">CD</subfield>
    <subfield code="2">ddc</subfield>
  </datafield>
  <datafield tag="952" ind1=" " ind2=" ">
    <subfield code="0">0</subfield>
    <subfield code="1">0</subfield>
    <subfield code="4">0</subfield>
    <subfield code="6">F_2562_000000000000000</subfield>
    <subfield code="7">1</subfield>
    <subfield code="a">SPICS</subfield>
    <subfield code="b">SPICS</subfield>
    <subfield code="d">2013-10-25</subfield>
    <subfield code="l">0</subfield>
    <subfield code="o">F2562</subfield>
    <subfield code="r">2013-10-25 00:00:00</subfield>
    <subfield code="w">2013-10-25</subfield>
    <subfield code="y">CD</subfield>
    <subfield code="z">Progr. Ins.: 22541 / N.Vol.: 1 / Copie: 1 - Copia rara: n.d. / date import: 01.01.2014 - By Epidotti, Trombetti, Vaglietti</subfield>
  </datafield>
</record>
